[Event "4NCL9495 2nd Season"]
[Site "Various Venues"]
[Date "1994.11.26"]
[Round "3.3"]
[White "Brown, Simon D"]
[Black "Merriman, John"]
[Result "0-1"]
[WhiteElo "2290"]
[BlackElo "2280"]
[PlyCount "56"]
[EventDate "1994.10.01"]
[EventType "team-tourn"]
[EventRounds "11"]
[EventCountry "GBR"]
[SourceTitle "BritBase 17May2020"]
[SourceDate "2020.05.17"]
[SourceVersionDate "2020.05.17"]
[WhiteTeam "Invicta Knights"]
[BlackTeam "North West Eagles"]
[WhiteTeamCountry "ENG"]
[BlackTeamCountry "ENG"]

1. d4 e6 2. c4 Nf6 3. Nc3 d5 4. Bg5 Be7 5. e3 O-O 6. cxd5 exd5 7. Bd3 Nbd7 8.
Nge2 c6 9. O-O h6 10. Bh4 Ne4 11. Bxe7 Qxe7 12. Qc2 Re8 13. Rae1 Ndf6 14. f3
Nxc3 15. Nxc3 Be6 16. a3 a5 17. Qd2 b5 18. e4 dxe4 19. fxe4 Qa7 20. Bb1 Rad8
21. Ne2 Bc4 22. Rxf6 gxf6 23. Qxh6 Bxe2 24. e5 Qxd4+ 25. Kh1 Bd3 26. Re3 Qxe3
27. Qxe3 Rxe5 28. Qg3+ Bg6 0-1

[Event "4NCL9495 2nd Season"]
[Site "Various Venues"]
[Date "1994.11.26"]
[Round "3.4"]
[White "Tebb, David"]
[Black "Hanreck, Alan E"]
[Result "1/2-1/2"]
[WhiteElo "2305"]
[BlackElo "2245"]
[PlyCount "71"]
[EventDate "1994.10.01"]
[EventType "team-tourn"]
[EventRounds "11"]
[EventCountry "GBR"]
[SourceTitle "BritBase 17May2020"]
[SourceDate "2020.05.17"]
[SourceVersionDate "2020.05.17"]
[WhiteTeam "North West Eagles"]
[BlackTeam "Invicta Knights"]
[WhiteTeamCountry "ENG"]
[BlackTeamCountry "ENG"]

1. e4 c5 2. Nc3 Nc6 3. g3 g6 4. d3 Bg7 5. Be3 d6 6. Qd2 Rb8 7. Bg2 b5 8. f4 b4
9. Nd1 e5 10. Nf3 Bg4 11. O-O exf4 12. gxf4 Nge7 13. c3 bxc3 14. bxc3 Qa5 15.
Rc1 O-O 16. f5 gxf5 17. Bh6 f6 18. Bxg7 Kxg7 19. Ne3 Kh8 20. Nh4 Rg8 21. Kh1
Rbf8 22. exf5 Ne5 23. Rb1 Rb8 24. Rxb8 Rxb8 25. Nxg4 Nxg4 26. d4 Ng8 27. Qf4
N4h6 28. Qxd6 Rc8 29. Rg1 cxd4 30. cxd4 Rd8 31. Qc5 Qd2 32. Bd5 Qf4 33. Bxg8
Qe4+ 34. Ng2 Rxg8 35. Qd6 Rxg2 36. Rxg2 1/2-1/2

[Event "4NCL9495 2nd Season"]
[Site "Various Venues"]
[Date "1994.11.26"]
[Round "3.5"]
[White "Bibby, Simon"]
[Black "House, Glenn L"]
[Result "0-1"]
[WhiteElo "2255"]
[BlackElo "2240"]
[PlyCount "56"]
[EventDate "1994.10.01"]
[EventType "team-tourn"]
[EventRounds "11"]
[EventCountry "GBR"]
[SourceTitle "BritBase 17May2020"]
[SourceDate "2020.05.17"]
[SourceVersionDate "2020.05.17"]
[WhiteTeam "Invicta Knights"]
[BlackTeam "North West Eagles"]
[WhiteTeamCountry "ENG"]
[BlackTeamCountry "ENG"]

1. d4 Nf6 2. Bg5 g6 3. Bxf6 exf6 4. e3 Bg7 5. Bd3 f5 6. Qf3 d6 7. Ne2 Nd7 8.
Nd2 Nf6 9. Nf4 O-O 10. O-O-O g5 11. Nh5 g4 12. Nxf6+ Qxf6 13. Qe2 c5 14. c3 b5
15. Bxb5 Be6 16. Kb1 Rab8 17. Rc1 Rb7 18. Ba6 Rb6 19. Bd3 Rfb8 20. Rc2 d5 21.
c4 cxd4 22. exd4 Qxd4 23. Nb3 Qf6 24. c5 Rc6 25. Rd1 Rc7 26. f4 Qe7 27. Qe3 d4
28. Nxd4 Bxa2+ 0-1

[Event "4NCL9495 2nd Season"]
[Site "Various Venues"]
[Date "1994.11.26"]
[Round "3.6"]
[White "Sheldon, Ruth"]
[Black "Gormally, Daniel"]
[Result "0-1"]
[WhiteElo "2155"]
[BlackElo "2168"]
[PlyCount "68"]
[EventDate "1994.10.01"]
[EventType "team-tourn"]
[EventRounds "11"]
[EventCountry "GBR"]
[SourceTitle "BritBase 17May2020"]
[SourceDate "2020.05.17"]
[SourceVersionDate "2020.05.17"]
[WhiteTeam "North West Eagles"]
[BlackTeam "Invicta Knights"]
[WhiteTeamCountry "ENG"]
[BlackTeamCountry "ENG"]

1. d4 Nf6 2. c4 g6 3. Nc3 d5 4. cxd5 Nxd5 5. e4 Nxc3 6. bxc3 Bg7 7. Be3 O-O 8.
Qd2 c5 9. Nf3 Qa5 10. Rc1 Rd8 11. d5 e6 12. c4 Qxd2+ 13. Nxd2 b6 14. Be2 Na6
15. f3 Nb4 16. a3 Bb2 17. axb4 Bxc1 18. bxc5 bxc5 19. Bxc5 Bb2 20. Kf2 a5 21.
Bb6 Rd7 22. Rb1 Bc3 23. Ke3 Rb8 24. Kd3 Bxd2 25. Kxd2 exd5 26. exd5 Ba6 27. Kc3
Rdb7 28. g4 Rxb6 29. Rxb6 Rxb6 30. c5 Bxe2 31. cxb6 Ba6 32. Kb3 Kf8 33. Ka4 Ke7
34. Kxa5 Bb7 0-1

[Event "4NCL9495 2nd Season"]
[Site "Various Venues"]
[Date "1994.11.26"]
[Round "3.7"]
[White "Harakis, Alexis"]
[Black "Clarke, Stuart"]
[Result "0-1"]
[WhiteElo "2170"]
[BlackElo "2285"]
[PlyCount "116"]
[EventDate "1994.10.01"]
[EventType "team-tourn"]
[EventRounds "11"]
[EventCountry "GBR"]
[SourceTitle "BritBase 17May2020"]
[SourceDate "2020.05.17"]
[SourceVersionDate "2020.05.17"]
[WhiteTeam "Invicta Knights"]
[BlackTeam "North West Eagles"]
[WhiteTeamCountry "ENG"]
[BlackTeamCountry "ENG"]

1. d4 Nf6 2. c4 e6 3. Nc3 Bb4 4. Nf3 c5 5. Bd2 cxd4 6. Nxd4 Nc6 7. Nc2 Be7 8.
g3 O-O 9. Bg2 d5 10. cxd5 exd5 11. O-O d4 12. Nb5 d3 13. exd3 Qxd3 14. Nc7 Bg4
15. f3 Bc5+ 16. Kh1 Rad8 17. Bg5 Qg6 18. Qc1 Bf5 19. Ne3 Bd4 20. Nxf5 Qxf5 21.
f4 Rd7 22. Bxf6 Qxf6 23. Nd5 Rxd5 24. Bxd5 Bxb2 25. Qe1 Bxa1 26. Qxa1 Qxa1 27.
Rxa1 Rd8 28. Rd1 Kf8 29. a3 Ne7 30. Bf3 Rxd1+ 31. Bxd1 Nc6 32. Kg2 Ke7 33. Kf3
Nd4+ 34. Ke3 Nb5 35. a4 Nc7 36. Bf3 b6 37. Be4 h6 38. Kd4 Kd6 39. h4 f6 40. Bc2
Ne6+ 41. Kc4 Nc5 42. Kd4 a6 43. Kc4 Kc6 44. Bd1 b5+ 45. axb5+ axb5+ 46. Kb4
Na6+ 47. Kc3 Kd5 48. Be2 Nc7 49. Kb4 Kc6 50. Kc3 Kc5 51. Kd3 Nd5 52. Bd1 b4 53.
Bb3 Nc3 54. Ke3 Nb5 55. Ke4 Nd6+ 56. Kf3 Kd4 57. Ba2 f5 58. g4 g6 0-1

[Event "4NCL9495 2nd Season"]
[Site "Various Venues"]
[Date "1994.11.26"]
[Round "3.1"]
[White "Littlewood, Paul E"]
[Black "Holland, Christopher"]
[Result "1/2-1/2"]
[WhiteElo "2445"]
[BlackElo "2265"]
[PlyCount "63"]
[EventDate "1994.10.01"]
[EventType "team-tourn"]
[EventRounds "11"]
[EventCountry "GBR"]
[SourceTitle "BritBase 17May2020"]
[SourceDate "2020.05.17"]
[SourceVersionDate "2020.05.17"]
[WhiteTeam "Wood Green"]
[BlackTeam "Na Fianna"]
[WhiteTeamCountry "ENG"]
[BlackTeamCountry "IRL"]

1. d4 Nf6 2. c4 g6 3. Nc3 d5 4. Nf3 Bg7 5. Bg5 Ne4 6. Bh4 Nxc3 7. bxc3 c5 8. e3
cxd4 9. cxd4 Nc6 10. Be2 O-O 11. O-O dxc4 12. Bxc4 Na5 13. Be2 Be6 14. Qa4 Bd7
15. Qa3 Re8 16. Rac1 a6 17. Bg3 Rc8 18. Rxc8 Bxc8 19. Qc5 Nc6 20. d5 Qa5 21.
Qxa5 Nxa5 22. Bc7 Bc3 23. Rc1 Bb4 24. Nd4 Bd7 25. a3 Bd2 26. Rc5 b5 27. Nf3 Nb3
28. Rc2 Rc8 29. Ne5 Ba5 30. Nxd7 Rxc7 31. Rxc7 Bxc7 32. Bd1 1/2-1/2

[Event "4NCL9495 2nd Season"]
[Site "Various Venues"]
[Date "1994.11.26"]
[Round "3.2"]
[White "Wallace, Paul Anthony"]
[Black "Law, Andrew P"]
[Result "1/2-1/2"]
[WhiteElo "2230"]
[BlackElo "2360"]
[PlyCount "63"]
[EventDate "1994.10.01"]
[EventType "team-tourn"]
[EventRounds "11"]
[EventCountry "GBR"]
[SourceTitle "BritBase 17May2020"]
[SourceDate "2020.05.17"]
[SourceVersionDate "2020.05.17"]
[WhiteTeam "Na Fianna"]
[BlackTeam "Wood Green"]
[WhiteTeamCountry "IRL"]
[BlackTeamCountry "ENG"]

1. e4 e5 2. Nf3 Nc6 3. Bb5 a6 4. Ba4 Nf6 5. O-O Nxe4 6. d4 b5 7. Bb3 d5 8. dxe5
Be6 9. c3 Bc5 10. Bf4 O-O 11. Nd4 Qd7 12. a4 b4 13. Nxc6 Qxc6 14. cxb4 Bxb4 15.
Nd2 Nxd2 16. Bxd2 Qb6 17. Bc2 Bxd2 18. Qxd2 Rab8 19. Rab1 a5 20. Kh1 Qb4 21.
Qd3 g6 22. f4 f5 23. exf6 Rxf6 24. f5 gxf5 25. Rbe1 Qc4 26. Qxc4 dxc4 27. Rb1
Kf7 28. Kg1 Kg6 29. Rfe1 Rd8 30. Rbd1 Rxd1 31. Rxd1 Rf8 32. g4 1/2-1/2

[Event "4NCL9495 2nd Season"]
[Site "Various Venues"]
[Date "1994.11.26"]
[Round "3.3"]
[White "Martin, Benjamin"]
[Black "McMichael, Richard"]
[Result "1-0"]
[WhiteElo "2355"]
[BlackElo "2300"]
[PlyCount "67"]
[EventDate "1994.10.01"]
[EventType "team-tourn"]
[EventRounds "11"]
[EventCountry "GBR"]
[SourceTitle "BritBase 17May2020"]
[SourceDate "2020.05.17"]
[SourceVersionDate "2020.05.17"]
[WhiteTeam "Wood Green"]
[BlackTeam "Na Fianna"]
[WhiteTeamCountry "ENG"]
[BlackTeamCountry "IRL"]

1. e4 e5 2. Nf3 d6 3. Bc4 Be7 4. O-O Bg4 5. d3 Nf6 6. Nbd2 Nc6 7. c3 O-O 8. Bb3
Qd7 9. h3 Bh5 10. Qe2 Kh8 11. Re1 Ng8 12. g4 Bg6 13. Nf1 h5 14. Ne3 Nf6 15. Nh4
Nh7 16. Nhf5 Ng5 17. Nd5 Bd8 18. Kg2 Bh7 19. Ng3 g6 20. f4 exf4 21. Bxf4 h4 22.
Nf1 Ne5 23. Nh2 Qb5 24. Rad1 Ne6 25. Bc1 Bg5 26. Bxg5 Nxg5 27. Qf2 f5 28. Qxh4
Nxd3 29. Qxg5 Nxe1+ 30. Rxe1 fxe4 31. Qe3 Qd7 32. Qd4+ Qg7 33. Qxg7+ Kxg7 34.
Nxc7 1-0

[Event "4NCL9495 2nd Season"]
[Site "Various Venues"]
[Date "1994.11.26"]
[Round "3.4"]
[White "O'Brien, Richard W"]
[Black "Sowray, Peter John"]
[Result "0-1"]
[WhiteElo "2160"]
[BlackElo "2325"]
[PlyCount "90"]
[EventDate "1994.10.01"]
[EventType "team-tourn"]
[EventRounds "11"]
[EventCountry "GBR"]
[SourceTitle "BritBase 17May2020"]
[SourceDate "2020.05.17"]
[SourceVersionDate "2020.05.17"]
[WhiteTeam "Na Fianna"]
[BlackTeam "Wood Green"]
[WhiteTeamCountry "IRL"]
[BlackTeamCountry "ENG"]

1. e4 c5 2. Nf3 d6 3. d4 Nf6 4. Nc3 cxd4 5. Nxd4 a6 6. Bc4 e6 7. f3 Nbd7 8.
Bxe6 fxe6 9. Nxe6 Qb6 10. Qe2 Ne5 11. Nf4 Kf7 12. Nfd5 Nxd5 13. Nxd5 Qc6 14.
O-O Be6 15. f4 Nd7 16. c4 Nf6 17. b4 Rc8 18. e5 Qxc4 19. Qxc4 Rxc4 20. Ne3 Rxb4
21. exf6 gxf6 22. f5 Bd7 23. a3 Rb3 24. Ra2 Bc6 25. g3 d5 26. Rc2 Bxa3 27. Bxa3
Rxa3 28. Nxd5 Bxd5 29. Rc7+ Kf8 30. Re1 Rg8 31. Ree7 Rg5 32. Red7 Ra1+ 33. Kf2
Rxf5+ 34. Ke3 Re5+ 35. Kd2 Bb3 36. Rxh7 Rd1+ 37. Kc3 Re3+ 38. Kb2 Rd2+ 39. Kc1
Rd1+ 40. Kb2 Bg8 41. Rc8+ Re8 42. Rxe8+ Kxe8 43. Rxb7 Rd2+ 44. Kc3 Rxh2 45. Rb6
Kf7 0-1

[Event "4NCL9495 2nd Season"]
[Site "Various Venues"]
[Date "1994.11.26"]
[Round "3.6"]
[White "Connolly, Suzanne"]
[Black "Maduekwe, Chiedu U"]
[Result "1/2-1/2"]
[WhiteElo "2035"]
[BlackElo "2270"]
[PlyCount "71"]
[EventDate "1994.10.01"]
[EventType "team-tourn"]
[EventRounds "11"]
[EventCountry "GBR"]
[SourceTitle "BritBase 17May2020"]
[SourceDate "2020.05.17"]
[SourceVersionDate "2020.05.17"]
[WhiteTeam "Na Fianna"]
[BlackTeam "Wood Green"]
[WhiteTeamCountry "IRL"]
[BlackTeamCountry "ENG"]

1. e4 e6 2. d4 d5 3. Nd2 dxe4 4. Nxe4 Bd7 5. Nf3 Bc6 6. Bd3 Nd7 7. O-O Ngf6 8.
Bg5 Be7 9. Nxf6+ Bxf6 10. Bf4 O-O 11. c3 a5 12. Re1 Bxf3 13. Qxf3 c6 14. Rad1
g6 15. Qg3 a4 16. Bc7 Bh4 17. Qf4 Qf6 18. g3 Qxf4 19. Bxf4 Bf6 20. Kg2 Rfe8 21.
Re2 Nb6 22. h4 a3 23. b3 Nd5 24. Bd2 Red8 25. Be4 c5 26. c4 Nb4 27. Bxb4 cxb4
28. Bxb7 Ra7 29. Bf3 Rxd4 30. Rxd4 Bxd4 31. Rd2 e5 32. Bd5 Kg7 33. f3 f5 34.
Kf1 Kf6 35. Ke2 Ke7 36. Kd3 1/2-1/2

[Event "4NCL9495 2nd Season"]
[Site "Various Venues"]
[Date "1994.11.26"]
[Round "3.7"]
[White "Tebbs, Howard L"]
[Black "O'Siochru, Mairead Maura"]
[Result "1/2-1/2"]
[WhiteElo "2110"]
[BlackElo "2045"]
[PlyCount "42"]
[EventDate "1994.10.01"]
[EventType "team-tourn"]
[EventRounds "11"]
[EventCountry "GBR"]
[SourceTitle "BritBase 17May2020"]
[SourceDate "2020.05.17"]
[SourceVersionDate "2020.05.17"]
[WhiteTeam "Wood Green"]
[BlackTeam "Na Fianna"]
[WhiteTeamCountry "ENG"]
[BlackTeamCountry "IRL"]

1. d4 Nf6 2. Nf3 e6 3. Bf4 d5 4. e3 Nbd7 5. Nbd2 c5 6. c3 Be7 7. Ne5 O-O 8. Bd3
Re8 9. h4 Bf8 10. Qf3 a6 11. g4 Nxe5 12. Bxe5 Nd7 13. O-O-O Nxe5 14. dxe5 Qc7
15. Qf4 b5 16. Kb1 Bb7 17. Rh3 c4 18. Bc2 a5 19. e4 b4 20. h5 bxc3 21. Rxc3 Bb4
1/2-1/2

[Event "4NCL9495 2nd Season"]
[Site "Various Venues"]
[Date "1994.11.27"]
[Round "4.1"]
[White "Quillan, Gary"]
[Black "Chandler, Murray G"]
[Result "0-1"]
[WhiteElo "2305"]
[BlackElo "2535"]
[PlyCount "60"]
[EventDate "1994.10.01"]
[EventType "team-tourn"]
[EventRounds "11"]
[EventCountry "GBR"]
[SourceTitle "BritBase"]
[SourceDate "2020.05.17"]
[SourceVersion "1"]
[SourceVersionDate "2020.05.17"]
[SourceQuality "1"]
[WhiteTeam "North West Eagles"]
[BlackTeam "BCM"]
[WhiteTeamCountry "ENG"]
[BlackTeamCountry "ENG"]

1. e4 c5 2. Nf3 e6 3. c3 d5 4. exd5 exd5 5. d4 Nf6 6. Bb5+ Bd7 7. Bxd7+ Nbxd7
8. O-O Be7 9. dxc5 Nxc5 10. Nd4 O-O 11. Nf5 Re8 12. Qf3 Bf8 13. Be3 Nfe4 14.
Rd1 g6 15. Nh6+ Bxh6 16. Bxh6 Qb6 17. b4 Na4 18. Be3 Qe6 19. h3 Nb2 20. Rd4
Rac8 21. Bf4 b5 22. a3 Na4 23. Rd3 a5 24. Kh2 Nb2 25. Re3 Nc4 26. Re1 Ng5 27.
Bxg5 Qxe1 28. Bf6 Qc1 29. Bd4 Re4 30. g3 Qb2 0-1

[Event "4NCL9495 2nd Season"]
[Site "Various Venues"]
[Date "1994.11.27"]
[Round "4.2"]
[White "Bellin, Robert"]
[Black "Littlewood, John Eric"]
[Result "1-0"]
[WhiteElo "2400"]
[BlackElo "2310"]
[PlyCount "99"]
[EventDate "1994.10.01"]
[EventType "team-tourn"]
[EventRounds "11"]
[EventCountry "GBR"]
[SourceTitle "BritBase"]
[SourceDate "2020.05.17"]
[SourceVersion "1"]
[SourceVersionDate "2020.05.17"]
[SourceQuality "1"]
[WhiteTeam "BCM"]
[BlackTeam "North West Eagles"]
[WhiteTeamCountry "ENG"]
[BlackTeamCountry "ENG"]

1. d4 Nf6 2. Nc3 g6 3. e4 d6 4. f4 Bg7 5. Nf3 c5 6. Bb5+ Bd7 7. e5 Ng4 8. Bxd7+
Qxd7 9. d5 dxe5 10. h3 e4 11. Nxe4 Nf6 12. Nxf6+ Bxf6 13. O-O O-O 14. c4 e6 15.
Ne5 Qd6 16. Be3 exd5 17. cxd5 Na6 18. Ng4 Bg7 19. f5 h5 20. Nh6+ Bxh6 21. Bxh6
Rfd8 22. fxg6 Qxg6 23. Bf4 Nb4 24. d6 Kh7 25. Qf3 Rd7 26. Rae1 Nc6 27. Qd5 Rg8
28. Bh2 Nb4 29. Qf3 Nc6 30. Qd5 Nb4 31. Qf3 Nc6 32. Rf2 Rg7 33. Kh1 Nd4 34. Qd5
f6 35. Ref1 Qg5 36. Qe4+ f5 37. Rxf5 Nxf5 38. Rxf5 Qg6 39. Rxh5+ Kg8 40. Qxg6
Rxg6 41. Rxc5 Re6 42. Be5 Kf7 43. Kh2 b6 44. Rd5 Rg6 45. Bf4 Re6 46. Rd2 Re4
47. Kg3 Ke6 48. Kf3 Ra4 49. b3 Ra5 50. Re2+ 1-0

[Event "4NCL9495 2nd Season"]
[Site "Various Venues"]
[Date "1994.11.27"]
[Round "4.3"]
[White "Merriman, John"]
[Black "Cafferty, Bernard"]
[Result "0-1"]
[WhiteElo "2280"]
[BlackElo "2290"]
[PlyCount "76"]
[EventDate "1994.10.01"]
[EventType "team-tourn"]
[EventRounds "11"]
[EventCountry "GBR"]
[SourceTitle "BritBase"]
[SourceDate "2020.05.17"]
[SourceVersion "1"]
[SourceVersionDate "2020.05.17"]
[SourceQuality "1"]
[WhiteTeam "North West Eagles"]
[BlackTeam "BCM"]
[WhiteTeamCountry "ENG"]
[BlackTeamCountry "ENG"]

1. d4 Nf6 2. c4 e6 3. Nc3 Bb4 4. e3 b6 5. Nge2 Ne4 6. f3 Bxc3+ 7. bxc3 Nd6 8.
Ng3 Ba6 9. Qa4 Bb7 10. Bd3 Nc6 11. O-O O-O 12. Rb1 f5 13. c5 Nc8 14. e4 N8e7
15. Qc2 f4 16. Ne2 e5 17. dxe5 Ng6 18. cxb6 axb6 19. Bc4+ Kh8 20. Bd5 Qe7 21.
g3 fxg3 22. hxg3 Ngxe5 23. Kg2 Na5 24. Bxb7 Nxb7 25. Nf4 Qc5 26. a4 Qc6 27. Rb5
d6 28. Ne6 Rfe8 29. Nd4 Qc4 30. f4 Nc6 31. Nxc6 Qxc6 32. Re1 Nc5 33. Rb4 Rxa4
34. Kf3 d5 35. e5 d4+ 36. Kf2 d3 37. Qb2 Rxb4 38. Qxb4 Qd5 {time} 0-1

[Event "4NCL9495 2nd Season"]
[Site "Various Venues"]
[Date "1994.11.27"]
[Round "4.4"]
[White "Bellin, Jana"]
[Black "Tebb, David"]
[Result "1-0"]
[WhiteElo "2210"]
[BlackElo "2305"]
[PlyCount "117"]
[EventDate "1994.10.01"]
[EventType "team-tourn"]
[EventRounds "11"]
[EventCountry "GBR"]
[SourceTitle "BritBase 17May2020"]
[SourceDate "2020.05.17"]
[SourceVersionDate "2020.05.17"]
[WhiteTeam "BCM"]
[BlackTeam "North West Eagles"]
[WhiteTeamCountry "ENG"]
[BlackTeamCountry "ENG"]

1. d4 Nf6 2. c4 g6 3. Nc3 Bg7 4. e4 d6 5. f3 O-O 6. Bg5 Na6 7. Qd2 c6 8. Bd3 e5
9. d5 cxd5 10. cxd5 Nc5 11. Bc2 a5 12. Nge2 a4 13. O-O Qa5 14. Rab1 b5 15. b4
axb3 16. axb3 b4 17. Na4 Ba6 18. Nb2 Rfb8 19. Rfe1 Qa3 20. Nc1 Nfd7 21. Nbd3
Qa5 22. Be3 Bf8 23. Nxc5 dxc5 24. Bd3 Nb6 25. Bxa6 Qxa6 26. Nd3 Nd7 27. Rec1
Rc8 28. Nb2 Nb6 29. Qf2 Qb5 30. Nc4 Nxc4 31. Rxc4 Ra3 32. Qb2 Bd6 33. Rbc1 Rc7
34. g3 f6 35. f4 Ra8 36. Qc2 Ra5 37. Qf2 Kg7 38. h4 Ra3 39. Qc2 Ra5 40. Rf1 Qd7
41. f5 Qc8 42. Bc1 Qa8 43. Qd2 Bf8 44. fxg6 Ra2 45. Qh6+ Kh8 46. Qh5 Qd8 47.
Qf5 Rg7 48. Qxf6 Be7 49. Qxe5 Bd6 50. Qf6 Be7 51. Qf5 Rxg6 52. Bf4 Qe8 53. Be5+
Kg8 54. Rf3 h6 55. Rc1 Re2 56. Rcf1 c4 57. Bd4 c3 58. Qe5 Kh7 59. Rf7+ 1-0

[Event "4NCL9495 2nd Season"]
[Site "Various Venues"]
[Date "1994.11.27"]
[Round "4.5"]
[White "House, Glenn L"]
[Black "Edwards, Raymond B"]
[Result "1/2-1/2"]
[WhiteElo "2240"]
[BlackElo "2125"]
[PlyCount "114"]
[EventDate "1994.10.01"]
[EventType "team-tourn"]
[EventRounds "11"]
[EventCountry "GBR"]
[SourceTitle "BritBase 17May2020"]
[SourceDate "2020.05.17"]
[SourceVersionDate "2020.05.17"]
[WhiteTeam "North West Eagles"]
[BlackTeam "BCM"]
[WhiteTeamCountry "ENG"]
[BlackTeamCountry "ENG"]

1. e4 c6 2. c4 d5 3. exd5 cxd5 4. cxd5 Nf6 5. Nc3 Nxd5 6. d4 Nc6 7. Nf3 e6 8.
Bd3 Be7 9. O-O O-O 10. Re1 Bf6 11. Be4 b6 12. Nxd5 exd5 13. Bxh7+ Kxh7 14. Qc2+
Kg8 15. Qxc6 Bf5 16. Be3 Rc8 17. Qa4 Rc7 18. Rac1 Rd7 19. Nd2 Re8 20. Nf1 Rde7
21. Ng3 Bg6 22. Qb4 Bh4 23. Qd2 Bxg3 24. hxg3 Qd7 25. f3 Rc8 26. Rxc8+ Qxc8 27.
Rc1 Rc7 28. Rxc7 Qxc7 29. Bf4 Qd7 30. g4 Qa4 31. a3 Qb3 32. Kf2 Bc2 33. Qc3
Qxc3 34. bxc3 Bd3 35. Bb8 a6 36. Bc7 b5 37. g5 Kf8 38. Ke3 Bf1 39. g4 Ke7 40.
Bb6 Ke6 41. g6 fxg6 42. Bd8 Bc4 43. Bc7 Bb3 44. Be5 Kf7 45. Kd2 g5 46. Bc7 Kg6
47. Ke3 Bd1 48. Bd8 Bb3 49. f4 gxf4+ 50. Kxf4 Kf7 51. Ke5 Ke8 52. Ba5 Kd7 53.
Bb4 Kc6 54. Ke6 Bc2 55. Ke7 Bd1 56. g5 g6 57. Kd8 Bg4 1/2-1/2

[Event "4NCL9495 2nd Season"]
[Site "Various Venues"]
[Date "1994.11.27"]
[Round "4.6"]
[White "Anderton, David W"]
[Black "Sheldon, Ruth"]
[Result "1/2-1/2"]
[WhiteElo "2230"]
[BlackElo "2155"]
[PlyCount "54"]
[EventDate "1994.10.01"]
[EventType "team-tourn"]
[EventRounds "11"]
[EventCountry "GBR"]
[SourceTitle "BritBase 18May2020"]
[SourceDate "2020.05.18"]
[SourceVersionDate "2020.05.18"]
[WhiteTeam "BCM"]
[BlackTeam "North West Eagles"]
[WhiteTeamCountry "ENG"]
[BlackTeamCountry "ENG"]

1. d4 Nf6 2. c4 g6 3. g3 Bg7 4. Bg2 O-O 5. Nc3 d6 6. Nf3 Nbd7 7. O-O c6 8. e4
e5 9. h3 a6 10. d5 cxd5 11. cxd5 Nc5 12. Re1 a5 13. b3 Bd7 14. a4 Rc8 15. Rb1
h6 16. Bf1 Ne8 17. Bd2 f5 18. Nh4 Rf6 19. exf5 g5 20. Nf3 Bxf5 21. Rb2 Rf8 22.
b4 axb4 23. Rxb4 Qf6 24. Be3 Qg6 25. Nd2 Bc2 26. Qc1 e4 27. Rc4 Nc7 1/2-1/2

[Event "4NCL9495 2nd Season"]
[Site "Various Venues"]
[Date "1994.11.27"]
[Round "4.7"]
[White "Clarke, Stuart"]
[Black "Lauterbach, Ingrid"]
[Result "0-1"]
[WhiteElo "2285"]
[BlackElo "2145"]
[PlyCount "88"]
[EventDate "1994.10.01"]
[EventType "team-tourn"]
[EventRounds "11"]
[EventCountry "GBR"]
[SourceTitle "BritBase 18May2020"]
[SourceDate "2020.05.18"]
[SourceVersionDate "2020.05.18"]
[WhiteTeam "North West Eagles"]
[BlackTeam "BCM"]
[WhiteTeamCountry "ENG"]
[BlackTeamCountry "ENG"]

1. e4 d6 2. d4 Nf6 3. Nc3 g6 4. Nf3 c6 5. Be3 Bg7 6. Be2 O-O 7. O-O Bg4 8. h3
Bxf3 9. Bxf3 Nbd7 10. Qd2 Qc7 11. a4 e5 12. Rad1 Rfc8 13. Rfe1 Nf8 14. dxe5
dxe5 15. Qd6 Qxd6 16. Rxd6 Ne6 17. Bg4 Nxg4 18. hxg4 Nd4 19. Rc1 a6 20. Kf1 Rc7
21. f4 Bf8 22. fxe5 Ne6 23. Rcd1 Bg7 24. Bb6 Re7 25. Bd8 Nxd8 26. Rxd8+ Rxd8
27. Rxd8+ Bf8 28. Rb8 b5 29. Rb6 Rxe5 30. Rxc6 bxa4 31. Nxa4 Rxe4 32. Rxa6 Be7
33. Kf2 Rxg4 34. b3 Bh4+ 35. Kf3 Rg3+ 36. Kf4 h5 37. Rc6 Kg7 38. Nc5 Rxg2 39.
b4 Rg4+ 40. Kf3 Rxb4 41. Nd3 Rb1 42. c4 Bf6 43. Rd6 Rb3 44. c5 Be7 0-1

[Event "4NCL9495 2nd Season"]
[Site "Various Venues"]
[Date "1994.11.27"]
[Round "4.8"]
[White "Wareing, John P"]
[Black "Wolstencroft, Darryl"]
[Result "1-0"]
[WhiteElo "1900"]
[BlackElo "2190"]
[PlyCount "79"]
[EventDate "1994.10.01"]
[EventType "team-tourn"]
[EventRounds "11"]
[EventCountry "GBR"]
[SourceTitle "BritBase 18May2020"]
[SourceDate "2020.05.18"]
[SourceVersionDate "2020.05.18"]
[WhiteTeam "BCM"]
[BlackTeam "North West Eagles"]
[WhiteTeamCountry "ENG"]
[BlackTeamCountry "ENG"]

1. e4 e6 2. d4 d5 3. Nc3 Bb4 4. e5 Ne7 5. a3 Bxc3+ 6. bxc3 c5 7. Qg4 Nf5 8. Bd3
h5 9. Qe2 Nc6 10. Bxf5 exf5 11. Nf3 Qa5 12. Qd2 Qa4 13. O-O Be6 14. Rb1 O-O-O
15. dxc5 h4 16. Nd4 h3 17. g3 Nxe5 18. Qf4 Ng6 19. Qe3 Bd7 20. Qf3 Be6 21. Bf4
Qa6 22. Rb3 Nxf4 23. Qxf4 Bd7 24. Rfb1 Rhe8 25. Nxf5 Bxf5 26. Qxf5+ Qe6 27.
Qxe6+ Rxe6 28. Rxb7 Rde8 29. Kf1 Re1+ 30. Rxe1 Rxe1+ 31. Kxe1 Kxb7 32. Kd2 Kc6
33. Kd3 Kxc5 34. a4 a5 35. f3 f6 36. g4 g6 37. f4 g5 38. f5 Kd6 39. Kd4 Kc6 40.
c4 1-0

[Event "4NCL9495 2nd Season"]
[Site "Various Venues"]
[Date "1994.11.27"]
[Round "4.1"]
[White "Pritchett, Craig William"]
[Black "Cummings, David H"]
[Result "1/2-1/2"]
[WhiteElo "2345"]
[BlackElo "2375"]
[PlyCount "109"]
[EventDate "1994.10.01"]
[EventType "team-tourn"]
[EventRounds "11"]
[EventCountry "GBR"]
[SourceTitle "BritBase 18May2020"]
[SourceDate "2020.05.18"]
[SourceVersionDate "2020.05.18"]
[WhiteTeam "Barbican"]
[BlackTeam "Slough"]
[WhiteTeamCountry "ENG"]
[BlackTeamCountry "ENG"]

1. e4 c5 2. Nf3 e6 3. d4 cxd4 4. Nxd4 Nc6 5. Nc3 Qc7 6. Be2 a6 7. O-O Nf6 8.
Kh1 Bb4 9. Bg5 Bxc3 10. Bxf6 gxf6 11. bxc3 Ne7 12. f4 b6 13. f5 e5 14. Nb3 Bb7
15. Qd3 d5 16. exd5 Nxd5 17. Bf3 O-O-O 18. c4 Nf4 19. Qe3 Rhg8 20. g3 Nh3 21.
Bxb7+ Qxb7+ 22. Qf3 Rg4 23. Qxb7+ Kxb7 24. c5 b5 25. Kg2 Ng5 26. Rad1 Rxd1 27.
Rxd1 Ra4 28. h4 Ne4 29. Rd7+ Kc6 30. Rxf7 Rxa2 31. Kf3 Nxc5 32. Rxf6+ Kd5 33.
Nxc5 Kxc5 34. Re6 Rxc2 35. f6 Rc1 36. Rxa6 Kd5 37. Rb6 b4 38. Rxb4 Rf1+ 39. Ke3
Rxf6 40. Rb5+ Ke6 41. Ke4 Rf1 42. Rxe5+ Kf6 43. Ra5 Rb1 44. Ra6+ Kg7 45. h5
Rb4+ 46. Kf5 Rb5+ 47. Kg4 Rb4+ 48. Kh3 h6 49. Rg6+ Kh7 50. Rg4 Rb5 51. Kh4 Ra5
52. Rd4 Rb5 53. Rd7+ Kg8 54. Rd6 Kg7 55. Rg6+ 1/2-1/2